000 00299nam a22001337a 4500
008 170308b xxu||||| |||| 00| 0 eng d
020 _a0702010960
041 _aeng
080 _a611
100 _a6
101 _aSHM
245 _aDIFFICULTIES IN TRACHEAL INTUBATION
_cLATTO, I.P
942 _2udc
_cBK
999 _c7184
_d7184